000 00643nam a22002291i 4500
001 14156
003 ES-MaACL
005 20250523062553.0
007 t|
008 900514s1980 sp ||||0| spa j
016 7 _zIBH8100907298
020 _a84-85708-09-1
040 _aIBH
_bspa
_cM-BN-DP
080 _a860-23"19"
100 1 _aGarcía Calvo, Agustín,
_d1926-2012
_eaut
_9233841
245 1 0 _aIsmena
_b: Tragicomedia musical /
_cAgustín García Calvo.
260 _aMadrid :
_bLucina,
_cD.L. 1980.
300 _a119 p. ;
_c19 cm.
852 _aES-MaACL
_jL-21453
_bR.126747
942 _2udc
999 _c14156
_d14156